Представление документа в формате RUSMARC

ПолеНазваниеЗначение
  Тип записи a
  Библиографический уровень a
001 Контрольный номер RU/CBS_UL/BASE/551885012
005 Дата корректировки 20250124015507.8
100 Данные общей обработки __
a Данные общей обработки 20170627d2017 ||| 0rusy0189 ca
101 Язык документа 0_
a Язык текста rus
102 Страна публикации __
a Страна публикации RU
105 Кодированные данные (монография) __
a Кодированные данные (монография) y###||||000|y
200 Заглавие и сведения об ответственности 1_
a Заглавие Дневник эмоций
b Общее обозначение материала Текст
e Сведения, относящиеся к заглавию [поиски счастья]
f Первые сведения об ответственности А. Легенчук
300 Общие примечания __
a Общие примечания Ограничения по возрасту - 16+
461 Уровень набора _0
1 2000
a Психология и Я
463 Уровень физической единицы _0
1 001RU/CBS_UL/BASE/551449018
1 2000
a № 6
v С. 8-9 : фото
1 210
d 2017
606 Тематические рубрики 0_
a Основная рубрика Общая психология
610 Ключевые слова 0_
a Ключевые слова счастье
a Ключевые слова радость
a Ключевые слова счастливые люди
a Ключевые слова счастливая жизнь
a Ключевые слова позитивное мышление
a Ключевые слова положительные эмоции
686 Индексы других классификаций __
a Классификационный индекс 88.3
2 Код системы ББК
700 Автор _1
a Фамилия Легенчук
b Имя (инициалы) А.
801 Источник записи _0
a Страна RU
b Организация МБУК ЦБС г. Ульяновска
c Дата составления 20170627
g Правила каталогизации RCR
801 Источник записи _1
a Страна RU
b Организация МБУК ЦБС г. Ульяновска
c Дата составления 20170627
g Правила каталогизации RCR
901 Тип документа __
t Тип документа f
w Контрольный № источника RU/CBS_UL/BASE/551449018
910 Корректоры записи __
a Корректор записи Ильина
938 Служебная информация __
a Имя БД period